000 01716nam a2200241Ia 4500
008 260220t1977||||xx |||||||||||||| ||spa||
040 _aPY-SlUNAC
_bspa
_erda
041 _aspa
082 _a036
_bD547d
245 0 _aDiccionario enciclopedia KRONOS
264 _aBuenos Aires :
_bJuan C. Granda,
_c℗1977.
300 _a1 volumen
490 _a
_vvolumen 2
520 _aEl "Diccionario enciclopedia KRONOS", publicado en 1977 por Juan C. Granda en Buenos Aires, es una obra de referencia que compila un vasto conjunto de conocimientos en diversos campos del saber humano. Este diccionario destaca por su enfoque enciclopédico, proporcionando definiciones, explicaciones y contextos históricos de términos y conceptos fundamentales en disciplinas como la historia, la ciencia, la cultura y la filosofía. La obra se caracteriza por su accesibilidad, diseñada tanto para el público general como para estudiantes e investigadores, lo que la convierte en una herramienta valiosa para la educación y el estudio. A través de una estructura organizada, los lectores pueden explorar temas variados de manera sistemática, encontrando información relevante y actualizada para expandir su comprensión del mundo. El "Diccionario enciclopedia KRONOS" no solo sirve como un recurso informativo, sino que también promueve el interés por el conocimiento y la curiosidad intelectual, reflejando la riqueza cultural y científica de su tiempo.
653 _aDiccionario
653 _aEnciclopedias
653 _aReferencias bibliográficas
942 _b2026/02/17
_cBK
999 _c6696
_d6696